ბათუმის შოთა რუსთაველის სახელმწიფო უნივერსიტეტის ბიბლიოთეკა

გზა (1990-1999 წწ). პუბლიცისტური წერილები (ბიბ.ჩანაწერი № 49842)

000 -LEADER
fixed length control field 00765nam a2200229Ia 4500
001 - CONTROL NUMBER
control field 16777
003 - CONTROL NUMBER IDENTIFIER
control field GE_BSU
008 - FIXED-LENGTH DATA ELEMENTS--GENERAL INFORMATION
fixed length control field 181216s||||||||xx |||||||||||||| ||und||
020 ## - INTERNATIONAL STANDARD BOOK NUMBER
International Standard Book Number 99928-870-8-7
040 ## - CATALOGING SOURCE
Transcribing agency GE_BSU
080 ## - UNIVERSAL DECIMAL CLASSIFICATION NUMBER
Universal Decimal Classification number 821.353.1-92
100 ## - MAIN ENTRY--PERSONAL NAME
Personal name ზაქარიაძე, ლაზარე
245 ## - TITLE STATEMENT
Title გზა (1990-1999 წწ). პუბლიცისტური წერილები
245 ## - TITLE STATEMENT
Statement of responsibility, etc. რედ. ალექსანდრე სამსონია
260 ## - PUBLICATION, DISTRIBUTION, ETC.
Place of publication, distribution, etc. თბილისი
260 ## - PUBLICATION, DISTRIBUTION, ETC.
Name of publisher, distributor, etc. ინტელექტი
260 ## - PUBLICATION, DISTRIBUTION, ETC.
Date of publication, distribution, etc. 2002
300 ## - PHYSICAL DESCRIPTION
Extent 488გვ. ; 21სმ
653 ## - INDEX TERM--UNCONTROLLED
Uncontrolled term გზა (1990-1999 წწ)
653 ## - INDEX TERM--UNCONTROLLED
Uncontrolled term პუბლიცისტური წერილები
942 ## - ADDED ENTRY ELEMENTS (KOHA)
Koha item type წიგნი
ეგზემპლარები
Withdrawn status Lost status Damaged status Not for loan Date acquired Barcode Date last seen Price effective from Koha item type
        2018-12-17 22158 2018-12-17 2018-12-17 წიგნი
        2018-12-17 22159 2018-12-17 2018-12-17 წიგნი
        2018-12-17 22160 2018-12-17 2018-12-17 წიგნი
        2018-12-17 22161 2018-12-17 2018-12-17 წიგნი
        2018-12-17 22162 2018-12-17 2018-12-17 წიგნი
        2018-12-17 22163 2018-12-17 2018-12-17 წიგნი
        2018-12-17 22164 2018-12-17 2018-12-17 წიგნი
        2018-12-17 22166 2018-12-17 2018-12-17 წიგნი